000 00349 a2200157 4500
001 120475
020 _a9788540310773
040 _cEscola Canadense de Niteroi
100 _aMiranda, Anna Lúcia
245 1 0 _aAprendendo Artes 6º ano
260 _aSão Paulo
300 _bil.
490 0 _aAprendendo Artes
650 4 _aArtes
942 _cBK
999 _c120475
_d120475